000
00315nam a22001457a 4500
008
231016b ||||| |||| 00| 0 eng d
020
_a
0819551384
041
_a
eng
080
_a
316
082
_a
316HYM
100
_a
24
101
_a
SOCIOLO
245
_a
SURVEYING SOCIAL LIFE
_c
HYMAN .H.H
942
_2
udc
_c
BK
999
_c
60457
_d
60457